| 000 | 00519nam a22001697a 4500 | ||
|---|---|---|---|
| 005 | 20250327112850.0 | ||
| 008 | 250327b |||||||| |||| 00| 0 eng d | ||
| 020 | _a9798886131222 | ||
| 041 | _aeng | ||
| 082 | _a382 MAS | ||
| 100 | _aMaskus, Keith E. | ||
| 245 | _aInternational Economics and Policy: An Introduction to Globalization and Inequality | ||
| 260 |
_aLondon _bWorld Scientific _c2024 |
||
| 300 | _a527;. P. 23 cm | ||
| 650 | _aInternational Trade; Economics; Business Logistics; Commerce | ||
| 942 | _cBK | ||
| 999 |
_c43433 _d43433 |
||